| 000 | 00877nam a2200253Ia 4500 | ||
|---|---|---|---|
| 003 | OSt | ||
| 005 | 20220923211933.0 | ||
| 006 | a|||||r|||| 00| 0 | ||
| 007 | ta | ||
| 008 | 220922b |||||||| |||| 00| 0 san d | ||
| 024 | _a74,009 | ||
| 037 | _cTextual | ||
| 040 |
_aARTS _cARTS _bsan |
||
| 041 |
_2san _asan |
||
| 082 | _aR635x1,1, 15M4 | ||
| 100 |
_aझा, कीर्त्यानन्द _9161723 |
||
| 245 | 0 | _aपात×जल योग दर्शनम् | |
| 246 | _aPāta×jal yog darshanam | ||
| 260 |
_aवाराणसी _b चौखम्बा अमरभारती _c1984 |
||
| 300 |
_a256पृ. _ccm. |
||
| 490 | _aहरजीवनदास संस्कृत ग्रन्थमाला; 4 | ||
| 942 |
_hR635x1,1, 15M4 _cTEXL _2CC |
||
| 999 |
_c304685 _d304685 |
||